• 首页
  • 本馆介绍
  • 公告通知
  • 最新文献
  • 馆藏检索
  • 电子资源
  • 读者导购
  • 参考咨询
  • 我的图书馆
  • 登录
  • 详细信息显示
  • 放入我的书架
  • 预约/预借图书
  • 作者相关作品
  • 分类相关作品
  • 丛书相关作品
  • 出版社相关作品

书目信息

  • 表格格式
  • 工作单格式
  • 卡片格式
题名:
1844年经济学——哲学手稿
    
 
作者: 马克思 著 ;刘丕坤 译
分册:  
出版信息: 北京   人民出版社  1979.06
页数: 140页
开本: 19cm
丛书名:
单 册:
中图分类: A121
科图分类:
主题词: 马恩著作--单行本--1847年前
电子资源:
ISBN:
000 00594nam0 2200205 45
001 0181023468
005 20060911151138.78
010    @dCNY0.40
091    @a1001.1167
100    @a20810111d km y0chiy0120 ea
101 0  @achi
200 1  @a1844年经济学——哲学手稿@A1844 Nian Jing Ji Xue——Zhe Xue Shou Gao@f马克思著@FMa Ke Si Zhu@g刘丕坤译
210    @a北京@c人民出版社@d1979.06
215    @a140页@d19cm
606 0  @a马恩著作@x单行本@z1847年前
690    @aA121@v3
701  0 @a马克思@4著
702  0 @a刘丕坤@ALiu Pi Kun@4译
801    @aCN@bTSTC@c20060911
905    @dA121@e19@f1@b109400
    
    1844年经济学——哲学手稿/马克思著/刘丕坤译.-北京:人民出版社,1979.06
    140页;19cm
    
    
    ISBN :CNY0.40
    
●
相关链接 在E读中查询图书 在五车中查询图书 在当当中查询图书 在豆瓣中查询图书


正题名:1844年经济学——哲学手稿     索取号:A121/19         预约/预借

序号 登录号 条形码 馆藏地/架位号 状态 备注
1 0022580   000947890   第一借阅区/ [索取号:A121/19] 在馆    
2 0109396   000948470   第一借阅区/ [索取号:A121/19] 在馆    
3 0109397   000948434   第一借阅区/ [索取号:A121/19] 在馆    
4 0109398   000947934   第一借阅区/ [索取号:A121/19] 在馆    
5 0109399   000948443   第一借阅区/ [索取号:A121/19] 在馆    
6 0109400   000947970   第一样本阅览室/ [索取号:A121/19] 在馆    
7 0469376   204693769   密集书库/ [索取号:A121/19] 在馆    
8 0471995   204719956   密集书库/ [索取号:A121/19] 在馆    
唐山师范学院图书馆 欢迎您!
大连网信软件有限公司© 版权所有